Facultad de Odontología.  Biblioteca.  Nodo central                      



header.jpg
Vista normal Vista MARC
  • Cultura indígena

Entrada Término temático

Número de registros utilizados en: 6

001 - NÚMERO DE CONTROL

  • campo de control: 12739

003 - IDENTIFICADOR DE NÚMERO DE CONTROL

  • campo de control: gtgcusco

005 - FECHA Y HORA DE LA ÚLTIMA TRANSACCIÓN

  • campo de control: 20250527080354.0

008 - ELEMENTOS DE DATO DE LONGITUD-FIJA

  • campo de control de longitud fija: 250527|| aca||aabn | a|a d

040 ## - FUENTE DE CATALOGACIÓN

  • Centro catalogador/agencia de origen: gtgcusco
  • Centro/agencia transcriptor: gtgcusco

150 ## - ENCABEZAMIENTO--TÉRMINO DE MATERIA

  • Término de materia o nombre geográfico como elemento de entrada: Cultura indígena
  • Subdivisión geográfica: Guatemala

670 ## - FUENTE DE DATOS ENCONTRADOS

  • Cita de la fuente: Work cat.: (gtgcusco)5092: Thuy Ha Mack, Ingrid Regina 12524, Creencias , actitudes y prácticas en relación con la salud oral de la mujer gestante de etnia Mam, en el municipio de Comitancillo, San Marcos /, 1999.